00469nam a2200181Ia 4500003000400000005001700004008004100021020002100062040000700083041000800090082002200098100001900120245005600139260004400195300001700239365001300256650001800269OSt20230403110928.0210423s2016 xx 000 0 und d a978-1-17-14935-9 cAL aeng a302.23 223bUDUM aUDUPA (Sahana) aMaking news in global India: media publics politics aDelhibCambridge University Pressc2016 axiii,278bHB b799cINR aCommunication